000 00457nam a22001817a 4500
003 Ost
005 20220831214534.0
008 220831b |||||||| |||| 00| 0 eng d
020 _aNA
040 _cBT-PhCST
050 _a4474
082 _222
_a621.31018
100 _aStagg, Glenn W. and El-Abiad, Ahmed H.
245 _aComputer methods in power system analysis /
260 _bMcGraw-Hill Book Co.,
_cc1968.
300 _a0
_bill. ;
942 _2ddc
_cEE
999 _c2905
_d2905